=LDR 00000nam 2200000 4500 =001 INLIS000000000007615 =005 20200206070517 =035 ##$$a 0010-061300000007615 =008 200206################g##########0#ind## =041 ##$$a Ind =082 ##$$a 025.17 =090 ##$$a 025.17, Mar a =100 ##$$a Martono, Budi =245 1#$$a Arsip korespondensi : $b penciptaan dan penyimpanan dan manajemen kearsipan, /$c Drs. Boedi Martono =260 ##$$a Jakarta :$b Pustaka Sinar Harapan,$c 1997 =300 ##$$a x, 183 hlm, : $b ilus ; $c 21 X 14 cm. =650 #4$$a Arsip =020 ##$$a 979-416-447-x =084 ##$$a 025.17 MAR a =990 ##$$a 20603260 =990 ##$$a 20603263